Analýza Ekonomickej pridanej hodnoty a jej použitie pri hodnotení výkonnosti podnikov v Slovenskej republike

Ekonomická pridaná hodnota /EVA/ - hodnota pridaná hospodárskou činnosťou podniku. Popis teoretických poznatkov uvádzaných v literatúre zaoberajúcej sa modelom s označením EVA. Možnosť aplikácie daného modelu v podmienkach SR. Pomocou ukazovateľa EVA je možné hodnotiť celkovú výkonnosť podniku, ako...

Description complète

Enregistré dans:
Détails bibliographiques
Auteur principal: Vadovič, Matúš
Format: Chapitre de livre
Langue:slovaque
Sujets:
Tags: Ajouter un tag
Pas de tags, Soyez le premier à ajouter un tag!

MARC

LEADER 00000naa$a2200000$$$4500
001 0034612
005 20221128113220.0
041 0 |a slo 
044 |a SK 
245 1 0 |a Analýza Ekonomickej pridanej hodnoty a jej použitie pri hodnotení výkonnosti podnikov v Slovenskej republike  |c Matúš Vadovič 
520 |a Ekonomická pridaná hodnota /EVA/ - hodnota pridaná hospodárskou činnosťou podniku. Popis teoretických poznatkov uvádzaných v literatúre zaoberajúcej sa modelom s označením EVA. Možnosť aplikácie daného modelu v podmienkach SR. Pomocou ukazovateľa EVA je možné hodnotiť celkovú výkonnosť podniku, ako aj stanoviť jeho trhovú hodnotu. 
610 2 0 |a analýza finančná 
610 2 0 |a hodnota pridaná ekonomická 
610 2 0 |a ukazovateľ EVA 
610 2 0 |a podnik 
610 2 0 |a výkonnosť 
610 2 0 |a hodnota trhová 
100 1 |a Vadovič, Matúš